• 首页
  • 本馆介绍
  • 公告通知
  • 最新文献
  • 馆藏检索
  • 电子资源
  • 读者导购
  • 参考咨询
  • 我的图书馆
  • 登录
  • 详细信息显示
  • 放入我的书架
  • 预约/预借图书
  • 作者相关作品
  • 分类相关作品
  • 丛书相关作品
  • 出版社相关作品

书目信息

  • 表格格式
  • 工作单格式
  • 卡片格式
题名:
科技文献分类工作手册
    
 
作者: 关家麟 编
分册:  
出版信息: 北京   科学技术文献出版社  1983
页数: 199页
开本: 19cm
丛书名:
单 册:
中图分类: G254.11-62 , G354.21
科图分类:
主题词: 分类法-科技资料--手册 , 科技资料-分类法--手册
电子资源:
ISBN:
000 00722nam0 2200253 45
001 0183009654
005 20060809154119.73
010    @dCNY0.85
091    @a17176.361
100    @a19950425d1983 em y0chiy0121 ea
101 0  @achi
102    @aCN@b110000
105    @ay z 000yy
200 10 @a科技文献分类工作手册@Ake ji wen xian fen lei gong zuo shou ce@f关家麟等编
210    @a北京@c科学技术文献出版社@d1983
215    @a199页@d19cm
606    @a分类法-科技资料@x手册
606    @a科技资料-分类法@x手册
690    @aG254.11-62@v3
690    @aG354.21
701  0 @a关家麟@Aguan jia lin@4编
801  2 @aCN@bNLC@c20060809
801  0 @aCN@b上海图书馆@c20040430
905    @f3@b212082-084@f1@b98587@dG354.21@e5
    
    科技文献分类工作手册/关家麟等编.-北京:科学技术文献出版社,1983
    199页;19cm
    
    
    ISBN :CNY0.85
    
●
相关链接 在E读中查询图书 在五车中查询图书 在当当中查询图书 在豆瓣中查询图书


正题名:科技文献分类工作手册     索取号:G354.21/5         预约/预借

序号 登录号 条形码 馆藏地/架位号 状态 备注
1 0098587   000985713   密集书库/ [索取号:G354.21/5] 在馆    
2 0098588   000984448   第一样本阅览室/ [索取号:G354.21/5] 在馆    
3 0212082   000985697   密集书库/ [索取号:G354.21/5] 在馆    
4 0212083   000985704   密集书库/ [索取号:G354.21/5] 在馆    
5 0212084   000984439   密集书库/ [索取号:G354.21/5] 在馆    
6 0448015   204480150   密集书库/ [索取号:G354.21/5] 在馆    
7 0448016   204480169   密集书库/ [索取号:G354.21/5] 在馆    
8 0448017   204480178   密集书库/ [索取号:G354.21/5] 在馆    
9 0448018   204480187   密集书库/ [索取号:G354.21/5] 在馆    
10 0448019   204480196   密集书库/ [索取号:G354.21/5] 在馆    
11 0448020   204480203   密集书库/ [索取号:G354.21/5] 在馆    
12 0448021   204480212   密集书库/ [索取号:G354.21/5] 在馆    
13 0448022   204480221   密集书库/ [索取号:G354.21/5] 在馆    
14 0448023   204480230   密集书库/ [索取号:G354.21/5] 在馆    
15 0448024   204480249   密集书库/ [索取号:G354.21/5] 在馆    
16 0448025   204480258   密集书库/ [索取号:G354.21/5] 在馆    
17 0448026   204480267   密集书库/ [索取号:G354.21/5] 在馆    
唐山师范学院图书馆 欢迎您!
大连网信软件有限公司© 版权所有